Responses for show #8267 - Tuesday, October 27, 2020

Contestants

[<< previous game]

Casey terHorst, a biology professor from Pasadena, California

Christa Gush, a knowledge manager from San Diego, California

Brian Adams, an educator from Big Bear Lake, California (whose 2-day cash winnings total $35,401)

[next game >>]

Jeopardy! Round responses

BIBLE-POURRI
AN ENCOURAGING VERB
PLATFORMS
DOCUMENTARY NOW!
I'M POSTING THAT ON TELEGRAM
IT ALL STARTS WITH A GREEK LETTER
    $200 5
root

Triple Stumper
    $200 15
a train

Brian
    $200 21
Morse

Casey
    $200 22
(Brian: What is a dreidel?)

alphabet

BrianCasey
    $400 3
Moses

Brian
    $400 6
pump up

Christa
    $400 10
(Casey: What is a pump?)

flatform

BrianCasey
    $400 28
[NOTE: Christa did not include the first and last words of the title in her response.]
[The end-of-round signal sounds.]
(Alex: And that brought a smile to your face; you're obviously a fan.)

The Ren & Stimpy Show

Christa
    $3,000 19
Winston Churchill

Brian
    $400 16
a pilot

Brian
    $600 1
Jerusalem

Brian
    $600 7
glorify

Casey
    $600 11
dais

Brian
    $600 14
Sushi

Casey
    $600 25
Malcolm X

Christa
    $600 17
Mumbai

Triple Stumper
    $800 2
Solomon

Triple Stumper
    $800 8
Boost

Brian
    $800 12
plank

Brian
    $800 26
plastic pollution

Christa
    $800 18
Sumter

Brian
    $800 23
Beta

Brian
    $1000 4
the visit of the Magi

Christa
    $1000 9
extol

Christa
    $1000 13
scaffold

Triple Stumper
    $1000 27
Folsom Prison

Casey
    $1000 20
(Casey: What is Little Bighorn?)

Wounded Knee

BrianCasey
    $1000 24
(Alex: Less than a minute now.)

a rhododendron

Brian

Scores at the first commercial break (after clue 15):

Brian Christa Casey
$3,800 $2,400 $800

Scores at the end of the Jeopardy! Round:

Brian Christa Casey
$10,600 $4,200 $1,200

Double Jeopardy! Round responses

ASTRONOMY
KEYBOARD INSTRUMENTS
THE BOOK OF JOB
SOUTH AMERICA
POP CULTURE
THE RHYME FACTOR
(Alex: Each correct response will rhyme with the word, "factor".)
    $400 22
(Alex: We have less than a minute to go.)

a synthesizer

Brian
    $400 1
[NOTE: Alex let Christa pick first due to her indicator light being on even though Casey was in third place going into the round. Alex acknowledged the error before the Final Jeopardy! Round and indicated that a judges' review showed that it did not affect the game.]

Spy

Brian
    $400 11
São Paulo

Christa
    $400 10
ABBA

Christa
    $400 26
[The end-of-round signal sounds.]

a chiropractor

Brian
    $800 16
Uranus

Brian
    $800 18
pipes

Christa
    $800 4
(Brian: What is the ghost?)
[NOTE: Alex read the blank as "this".]

Mayor

Brian
Triple Stumper
    $800 12
(Brian: What is Dutch New Guinea?)

Dutch Guiana

BrianChrista
    $800 6
Hannah Montana

Christa
    $1200 19
the harpsichord

Brian
    $1200 2
(Christa: What is a watchman?)
[NOTE: Alex read the blank as "one".]

Manager

Christa
Triple Stumper
    $1200 13
Colombia

Christa
    $1200 7
the Teenage Mutant Ninja Turtles

Christa
    $1200 23
an independent contractor

Casey
    $3,000 17
Cygnus

Brian
    $1600 20
Schroeder

Brian
    $1600 5
[NOTE: Alex read the blank as "whose".]

Lieutenant

Casey
    $1600 14
Tierra del Fuego

Brian
    $1600 8
(Brian: What is The Mask?)

The Masked Singer

BrianCasey
    $1600 24
a protractor

Brian
    $2000 21
(Brian: What is a calliope?)

the accordion

BrianChrista
    $2000 3
[NOTE: Alex read the blank as "blank".]
(Brian: What is The [*]'s Nephew?)

Magician

Brian
    $5,000 15
(Brian: Wow. What is Buenos Aires?)
(Alex: No. What is [*]? The Assumption.)

Asunción

Brian
    $2000 9
(Casey: Who is Guy Ritchie?)

Danny Boyle

Casey
Triple Stumper
    $2000 25
a refractor

Brian

Scores at the end of the Double Jeopardy! Round:

Brian Christa Casey
$15,400 $10,600 $3,600

[wagering suggestions for these scores]

Final Jeopardy! Round responses

THE 13 COLONIES
(Alex: [Going to Brian] We're looking for the Constitution State.)
[NOTE: Brian clearly had a dot above the the first letter "I" in his response.]
CaseyWhat is Kentucky?
$1,201
ChristaWhat is Virginia?
$4,801
BrianWhat is Pennsyivania?
$5,900
Connecticut

Final scores:

Brian Christa Casey
$9,500 $5,799 $2,399
3-day champion: $44,901 2nd place: $2,000 3rd place: $1,000

Game dynamics:

Coryat scores:

Brian Christa Casey
$16,400 $10,600 $3,600
24 R
(including 2 DDs),
6 W
(including 1 DD)
14 R,
1 W
8 R,
3 W

Combined Coryat: $30,600

The J! Archive is created by fans, for fans. The Jeopardy! game show and all elements thereof, including but not limited to copyright and trademark thereto, are the property of Jeopardy Productions, Inc. and are protected under law. This website is not affiliated with, sponsored by, or operated by Jeopardy Productions, Inc. Join the discussion at JBoard.tv.